[Event "13th EICC"]
[Site "Plovdiv BUL"]
[Date "2012.03.23"]
[Round "4.101"]
[White "Petrisor, Adrian-Marian"]
[Black "Marin, Mihail"]
[Result "1/2-1/2"]
[WhiteTitle "FM"]
[BlackTitle "GM"]
[WhiteElo "2383"]
[BlackElo "2539"]
[WhiteFideId "1213741"]
[BlackFideId "1200020"]
[EventDate "2012.03.20"]
[EventType "swiss"]

1. e4 e5 2. Nf3 Nc6 3. d4 exd4 4. Bc4 d6 5. Nxd4 g6 6. Nxc6 bxc6 7. O-O Bg7 8.
Nc3 Ne7 9. Bg5 O-O 10. Qd2 Be6 11. Bb3 Bxb3 12. axb3 f6 13. Bh6 Bxh6 14. Qxh6 f5
15. Rfe1 fxe4 16. Nxe4 Nf5 17. Qd2 d5 18. Ng3 Nxg3 19. hxg3 Qf6 20. c3 a5 21.
Qe3 Rab8 22. Rxa5 Rxb3 23. Re2 Rbb8 24. Ra7 Rf7 25. b4 Kg7 26. g4 d4 27. Qxd4
Qxd4 28. cxd4 Rxb4 29. Rc2 Rxd4 30. Rxc6 Rxg4 31. Rcxc7 Rxc7 32. Rxc7+ Kg8 33.
Rc8+ Kg7 34. Rc7+ Kg8 35. Rc8+ Kg7 36. Rc7+ 1/2-1/2

[Event "13th EICC"]
[Site "Plovdiv BUL"]
[Date "2012.03.23"]
[Round "4.102"]
[White "Nakar, Eylon"]
[Black "Rogozenco, Dorian"]
[Result "1/2-1/2"]
[WhiteTitle "FM"]
[BlackTitle "GM"]
[WhiteElo "2344"]
[BlackElo "2536"]
[WhiteFideId "2811111"]
[BlackFideId "1210319"]
[EventDate "2012.03.20"]
[EventType "swiss"]

1. e4 c5 2. Nf3 d6 3. d4 cxd4 4. Nxd4 Nf6 5. Nc3 g6 6. Be3 Bg7 7. Be2 Nc6 8. Qd2
O-O 9. O-O-O Ng4 10. Bxg4 Bxg4 11. f3 Bd7 12. Nxc6 bxc6 13. Bh6 Bxh6 14. Qxh6
Rb8 15. h4 f6 16. g4 Qa5 17. Rd3 Be6 18. b3 c5 19. Nd5 Bxd5 20. exd5 Qxa2 21.
Re1 Rf7 22. Rde3 Qa1+ 23. Kd2 Qd4+ 24. Kc1 Rb7 25. Rd1 Qa1+ 26. Kd2 Qa5+ 27. Ke2
Qa2 28. Rd2 Rf8 29. f4 Qb1 30. Rg3 Rb4 31. f5 Re4+ 32. Kf3 Qh1+ 33. Rgg2 Re5 34.
fxg6 hxg6 35. Qxg6+ Kh8 36. Qh6+ Kg8 37. Qg6+ Kh8 38. Qh6+ Kg8 39. Qg6+ 1/2-1/2

[Event "13th EICC"]
[Site "Plovdiv BUL"]
[Date "2012.03.23"]
[Round "4.105"]
[White "Izzat, Kanan"]
[Black "Michalik, Peter"]
[Result "1/2-1/2"]
[WhiteTitle "FM"]
[BlackTitle "GM"]
[WhiteElo "2319"]
[BlackElo "2529"]
[WhiteFideId "13405209"]
[BlackFideId "14907526"]
[EventDate "2012.03.20"]
[EventType "swiss"]

1. d4 e6 2. c4 Bb4+ 3. Nc3 b6 4. e4 Bb7 5. d5 Qe7 6. Bd3 Bxc3+ 7. bxc3 Na6 8.
Ne2 Nc5 9. O-O Nf6 10. f3 d6 11. Nd4 Nxd3 12. Qxd3 Nd7 13. Qe2 g6 14. Rb1 e5 15.
Nb3 a5 16. Be3 Ba6 17. Nd2 O-O-O 18. Qd1 f5 19. Qa4 Nc5 20. Bxc5 dxc5 21. Rf2
Rhf8 22. Nb3 Qe8 23. Nxc5 Qxa4 24. Nxa4 Bxc4 25. Rxb6 fxe4 26. fxe4 Bxd5 27.
Rxf8 Rxf8 28. Ra6 Bxe4 29. Rxa5 Bc6 30. Nb2 e4 31. Nc4 Rd8 32. Kf2 Rd1 33. Rc5
Bb7 34. a4 Rd3 35. a5 Kb8 36. Ne3 Kc8 37. Ke2 Kd7 38. Nc4 Ba6 39. Ke1 Kd8 40.
Ne5 Re3+ 41. Kf2 Re2+ 42. Kg3 Rd2 43. Nc6+ Kc8 44. c4 e3 45. Kf3 e2 46. Kf2
e1=Q+ 47. Kxe1 Rxg2 48. Nb4 Bb7 49. a6 Bf3 50. Nd5 Kb8 51. a7+ Kxa7 52. Rxc7+
Kb8 53. Rxh7 g5 54. Nb4 Be4 55. Re7 Bf3 56. Rh7 Re2+ 57. Kf1 Rb2 58. Nd5 Be2+
59. Kg1 Bxc4 60. Ne3 Be6 61. Rh6 Bd7 62. Rg6 Re2 63. Ng2 g4 64. Nf4 Rd2 65. Rg5
Kc7 66. Nd5+ Kd6 67. Ne3 Rd4 1/2-1/2

[Event "13th EICC"]
[Site "Plovdiv BUL"]
[Date "2012.03.23"]
[Round "4.106"]
[White "Goganov, Aleksey"]
[Black "Vlashki, Nino"]
[Result "1-0"]
[WhiteTitle "IM"]
[WhiteElo "2517"]
[BlackElo "2258"]
[WhiteFideId "24109959"]
[BlackFideId "2908743"]
[EventDate "2012.03.20"]
[EventType "swiss"]

1. d4 e6 2. g3 f5 3. Bg2 Nf6 4. c4 d5 5. Nh3 c6 6. O-O b6 7. b3 Ba6 8. Nf4 Qd7
9. Nd3 Bd6 10. Nd2 O-O 11. Nf3 Qe7 12. Nfe5 Rc8 13. Bg5 h6 14. Bf4 Bxe5 15. Nxe5
g5 16. Bc1 Nbd7 17. Nxd7 Qxd7 18. Bb2 b5 19. cxb5 cxb5 20. f3 b4 21. Qd2 Qb5 22.
Rfe1 Rc6 23. h4 Kf7 24. Rac1 gxh4 25. gxh4 Rxc1 26. Bxc1 Qb6 27. Qf4 Rg8 28. Be3
Nh5 29. Qe5 Ng3 30. Bxh6 Nxe2+ 31. Rxe2 Bxe2 32. Bg5 Rxg5 33. hxg5 Bb5 34. Qf6+
Kg8 35. Qg6+ Kf8 36. Qh6+ Kg8 37. Qg6+ Kf8 38. Qf6+ Kg8 39. f4 Be8 40. Kh2 Qd6
41. Kg3 Kh7 42. Bxd5 Bg6 43. Bxe6 Qc7 44. a4 a5 45. Qf8 1-0

[Event "13th EICC"]
[Site "Plovdiv BUL"]
[Date "2012.03.23"]
[Round "4.107"]
[White "Donchenko, Alexander"]
[Black "Onischuk, Vladimir"]
[Result "1-0"]
[WhiteTitle "FM"]
[BlackTitle "GM"]
[WhiteElo "2309"]
[BlackElo "2516"]
[WhiteFideId "24603295"]
[BlackFideId "14114038"]
[EventDate "2012.03.20"]
[EventType "swiss"]

1. c4 Nf6 2. Nc3 g6 3. g3 Bg7 4. Bg2 d6 5. d3 O-O 6. Rb1 e5 7. b4 a5 8. a3 h6 9.
Nf3 axb4 10. axb4 Be6 11. O-O Nc6 12. Nd2 Rb8 13. Nd5 Ne7 14. Qb3 Kh7 15. Bb2
Nfxd5 16. cxd5 Bd7 17. Rfc1 f5 18. Ra1 g5 19. Qc2 Rc8 20. Nc4 b6 21. Nd2 Bb5 22.
Ra3 Rf7 23. Ra7 c6 24. dxc6 d5 25. Qb3 Qe8 26. Rb7 Rxc6 27. Rxc6 Bxc6 28. Rxb6
Qd8 29. Ra6 Bb7 30. Ra1 Qb6 31. Qa4 e4 32. Bxg7 Kxg7 33. Nb3 Qf6 34. b5 Ng6 35.
Qd4 Ne5 36. f4 exf3 37. exf3 f4 38. Re1 Re7 39. Kh1 Kg8 40. gxf4 gxf4 41. Bh3 h5
42. Re2 Qh4 43. Rxe5 Rxe5 44. Qxe5 Qxh3 45. Nd2 Qd7 46. Qg5+ Kf7 47. Qxf4+ Kg6
48. b6 Qb5 49. Qd4 Qa5 50. Nf1 Qe1 51. Kg1 Qd1 52. Qe3 Ba6 53. Qe6+ Kg7 54. Qe5+
Kg6 55. Qg3+ Kf7 56. Qc7+ Kg6 57. Qc6+ Kg7 58. Qc3+ Kh7 59. b7 Bxd3 60. Qxd3+
Qxd3 61. b8=Q Qxf3 62. Qg3 Qe4 63. Qe3 Qg4+ 64. Kf2 Kg6 65. Qd3+ Qf5+ 66. Ke3
Qxd3+ 67. Kxd3 Kf5 68. Ne3+ Kf4 69. Nxd5+ Kf3 70. Ne3 h4 71. Kd4 h3 72. Kd3 Kf2
73. Ke4 Ke2 74. Ng4 1-0

[Event "13th EICC"]
[Site "Plovdiv BUL"]
[Date "2012.03.23"]
[Round "4.108"]
[White "Djukic, Nikola"]
[Black "Mogilarov, Dimitar"]
[Result "1-0"]
[WhiteTitle "GM"]
[WhiteElo "2513"]
[BlackElo "2147"]
[WhiteFideId "922412"]
[BlackFideId "2905248"]
[EventDate "2012.03.20"]
[EventType "swiss"]

1. e4 e5 2. Nf3 Nc6 3. Bb5 a6 4. Ba4 Nf6 5. O-O Be7 6. Re1 b5 7. Bb3 O-O 8. h3
Bb7 9. d3 Re8 10. Nc3 h6 11. a3 Bf8 12. Be3 Na5 13. Ba2 d5 14. b4 d4 15. bxa5
dxe3 16. fxe3 c5 17. Rf1 Qxa5 18. Qe1 c4 19. Nh4 Bxa3 20. Rxf6 gxf6 21. Nf5 Bf8
22. Bxc4 Qc7 23. Nd5 Bxd5 24. Bxd5 Ra7 25. Qh4 Kh7 26. Rf1 Qd8 27. Rf3 Bg7 28.
Rg3 Rg8 29. Rxg7+ 1-0

[Event "13th EICC"]
[Site "Plovdiv BUL"]
[Date "2012.03.23"]
[Round "4.112"]
[White "Mastrovasilis, Dimitrios"]
[Black "Pavlidis, Anastasios"]
[Result "1/2-1/2"]
[WhiteTitle "GM"]
[BlackTitle "FM"]
[WhiteElo "2631"]
[BlackElo "2363"]
[WhiteFideId "4202694"]
[BlackFideId "4208404"]
[EventDate "2012.03.20"]
[EventType "swiss"]

1. Nf3 Nf6 2. g3 g6 3. Bg2 Bg7 4. O-O O-O 5. d4 d6 6. b3 Bg4 7. h3 Bd7 8. Bb2
Qc8 9. Kh2 c5 10. c4 Ne4 11. Qc2 Nf6 12. d5 e5 13. dxe6 fxe6 14. Nc3 d5 15. cxd5
exd5 16. Rad1 d4 17. Na4 Na6 18. Ng5 Rb8 19. Rc1 h6 20. Nf3 Bf5 21. Qd1 Rd8 22.
Nxd4 b5 23. Nxc5 Nxc5 24. b4 Qa6 25. Rxc5 Qxa2 26. Qa1 Qxa1 27. Bxa1 Nd7 28.
Rxb5 Bxd4 29. Rxf5 Bxa1 30. Bd5+ Kh8 31. Rf7 Bd4 32. e3 Ne5 33. Re7 Bc3 34. e4
Nd7 35. Rc1 Bxb4 36. Re6 Nf8 37. Ra6 Rd7 38. Rcc6 Be7 39. h4 Bd8 40. h5 gxh5 41.
Rxh6+ Rh7 42. Rxh7+ Nxh7 43. Rxa7 Rb2 44. Ra2 1/2-1/2

[Event "13th EICC"]
[Site "Plovdiv BUL"]
[Date "2012.03.23"]
[Round "4.114"]
[White "Dragomirescu, Robin-Alexandru"]
[Black "Pashikian, Arman"]
[Result "0-1"]
[WhiteTitle "IM"]
[BlackTitle "GM"]
[WhiteElo "2358"]
[BlackElo "2618"]
[WhiteFideId "1213849"]
[BlackFideId "13301578"]
[EventDate "2012.03.20"]
[EventType "swiss"]

1. e4 e5 2. Nf3 Nc6 3. Bb5 Nf6 4. d3 Bc5 5. c3 O-O 6. O-O d6 7. Bg5 h6 8. Bh4 g5
9. Nxg5 hxg5 10. Bxg5 Kg7 11. Qf3 Qe7 12. Nd2 a6 13. Bxc6 bxc6 14. Qg3 Qe6 15.
d4 Ba7 16. Bxf6+ Kxf6 17. Nf3 Qg4 18. dxe5+ Ke7 19. Qxg4 Bxg4 20. Nd4 dxe5 21.
Nxc6+ Kf6 22. Nxa7 Rxa7 23. f3 Be6 24. Rfd1 a5 25. Rd2 a4 26. a3 Bc4 27. Rad1
Rb8 28. Rf2 Ra6 29. g3 Rd6 30. Rxd6+ cxd6 31. Rd2 Ke6 32. Kf2 d5 33. exd5+ Bxd5
34. Ke3 Rh8 35. f4 f5 36. fxe5 Kxe5 37. Kd3 Rd8 38. Ke3 Rb8 39. Re2 Be4 40. Rd2
Rh8 41. Re2 Rd8 42. Rd2 Rh8 43. Re2 Rh7 44. Rd2 Bc6 45. h4 Rg7 46. Kf2 Rb7 47.
Ke3 Bd5 48. Re2 Be4 49. Rd2 Rg7 50. Kf2 f4 51. gxf4+ Kxf4 52. Ke1 Rg1+ 53. Ke2
Rh1 54. Kf2 Rxh4 55. Ke2 Rh3 56. Kf2 Bd3 57. c4 Ke4 58. c5 Rh5 0-1

[Event "13th EICC"]
[Site "Plovdiv BUL"]
[Date "2012.03.23"]
[Round "4.115"]
[White "Schiendorfer, Emanuel"]
[Black "Markowski, Tomasz"]
[Result "0-1"]
[WhiteTitle "FM"]
[BlackTitle "GM"]
[WhiteElo "2349"]
[BlackElo "2612"]
[WhiteFideId "1309889"]
[BlackFideId "1105680"]
[EventDate "2012.03.20"]
[EventType "swiss"]

1. d4 d6 2. Nf3 Bg4 3. c4 Bxf3 4. gxf3 g6 5. Bg2 Bg7 6. f4 c6 7. Nc3 Nh6 8. e3
Nf5 9. O-O O-O 10. b3 Nd7 11. Bb2 e6 12. Ne4 d5 13. Ng5 a5 14. Qd3 a4 15. Rfc1
Re8 16. Qc2 Nh4 17. Bh1 Qe7 18. Nf3 Nf5 19. Bc3 Ra7 20. cxd5 exd5 21. Bg2 axb3
22. axb3 Rea8 23. Bh3 Nd6 24. Rxa7 Rxa7 25. Bb4 Bf8 26. Ne5 Nf6 27. Qb2 Qd8 28.
Ra1 Rxa1+ 29. Qxa1 Nb5 30. Qa5 Qe8 31. Bf1 Nd6 32. Qc7 Qe6 33. Be2 Nfe8 34. Qd7
Qxd7 35. Nxd7 Be7 36. Bg4 f5 37. Be2 Kf7 38. Kf1 Ne4 39. Ba5 Ke6 40. Ne5 N8d6
41. f3 Nf6 42. Bd3 Nde8 43. Be2 Bd6 44. Nd3 Nd7 45. Bd2 Nef6 46. Kg2 b6 47. Bc3
Be7 48. Kf2 Ne8 49. Ne5 Nb8 50. Bf1 Nd6 51. Be2 Bf6 52. Nd3 Nd7 53. Bb4 Nb7 54.
Bd2 c5 55. dxc5 bxc5 56. Nc1 Nd6 57. Na2 d4 58. Bd3 dxe3+ 59. Kxe3 Nb6 60. Ke2
Kd5 61. Nc3+ Kc6 62. Kd1 Bxc3 63. Bxc3 Nb5 64. Be5 Nd4 65. Bxd4 cxd4 66. Kd2 Kc5
67. Bf1 Nd5 68. Bc4 Nxf4 69. Bg8 h6 70. Bf7 g5 71. Bg8 Ng6 72. Be6 f4 73. Bf5
Ne5 74. Be4 Kb4 75. Bd5 h5 76. h3 h4 77. Kc2 d3+ 78. Kd2 Kc5 79. Be4 Kd4 80. Bb7
Nd7 81. b4 Ne5 82. b5 Nc4+ 83. Kd1 Kc3 0-1

[Event "13th EICC"]
[Site "Plovdiv BUL"]
[Date "2012.03.23"]
[Round "4.118"]
[White "Sulskis, Sarunas"]
[Black "Antal, Tibor Kende"]
[Result "1-0"]
[WhiteTitle "GM"]
[BlackTitle "FM"]
[WhiteElo "2596"]
[BlackElo "2352"]
[WhiteFideId "12800112"]
[BlackFideId "738581"]
[EventDate "2012.03.20"]
[EventType "swiss"]

1. c4 e6 2. d4 d5 3. Nc3 c6 4. Bf4 dxc4 5. e3 b5 6. a4 Qb6 7. Nf3 Nf6 8. Be2 Bb4
9. O-O O-O 10. Qc2 Bb7 11. Rfd1 Nbd7 12. Ng5 h6 13. Nge4 Nd5 14. Bd6 Bxd6 15.
Nxd6 Qc7 16. Nxb7 Qxb7 17. e4 Nxc3 18. bxc3 a6 19. e5 Nb6 20. Re1 Nxa4 21. Bxc4
Nxc3 22. Bxe6 fxe6 23. Qxc3 Qd7 24. Re4 Qd5 25. Rg4 c5 26. dxc5 Rac8 27. Rc1 Rf5
28. c6 Qxe5 29. Rd4 Kh7 30. Qd3 Kg8 31. Rd8+ Rf8 32. c7 Qf4 33. Rc2 Qf6 34.
Rxf8+ Kxf8 35. Qd6+ Qe7 36. Qc6 Kg8 37. h4 b4 38. Rc5 b3 39. Qxa6 Rxc7 40. Rxc7
Qxc7 41. Qxe6+ Qf7 42. Qe5 Qc4 43. f4 Kf7 44. Kh2 Qc2 45. Qd5+ Ke7 46. Qe5+ Kd8
47. Qd6+ Kc8 48. Qf8+ Kb7 49. Qxg7+ Kb6 50. Qd4+ Kb5 51. Qd5+ Kb4 52. Qb7+ Kc3
53. Qg7+ Kd3 54. Qg3+ Kc4 55. Qg8+ Kc3 56. Qg7+ Kd2 57. Qd4+ Qd3 58. Qb2+ Qc2
59. Qd4+ Ke2 60. Qe5+ Kd2 61. Qd5+ Ke3 62. Qe5+ Qe4 63. Qc3+ Qd3 64. Qe5+ Kf2
65. f5 Qc4 66. Qg3+ Kf1 67. f6 b2 68. f7 Qxf7 69. Qd3+ Kf2 70. Qd2+ Kf1 71. Qxb2
h5 72. Qd2 Qf5 73. Qe3 Qb5 74. Kg3 Qb2 75. Qf3+ Kg1 76. Qd1# 1-0

[Event "13th EICC"]
[Site "Plovdiv BUL"]
[Date "2012.03.23"]
[Round "4.119"]
[White "Lintchevski, Daniil"]
[Black "Tate, Alan"]
[Result "1-0"]
[WhiteTitle "GM"]
[BlackTitle "FM"]
[WhiteElo "2564"]
[BlackElo "2350"]
[WhiteFideId "4171055"]
[BlackFideId "2401878"]
[EventDate "2012.03.20"]
[EventType "swiss"]

1. e4 c6 2. d4 d5 3. e5 Bf5 4. Nf3 e6 5. Be2 c5 6. Be3 cxd4 7. Nxd4 Ne7 8. c4
Nbc6 9. Qa4 dxc4 10. Na3 Qa5+ 11. Qxa5 Nxa5 12. Nxc4 Nxc4 13. Bxc4 a6 14. f3 Ng6
15. Nxf5 Nxe5 16. Bb3 Bb4+ 17. Ke2 exf5 18. Rac1 O-O 19. a3 Ba5 20. Rc5 Rfe8 21.
Rxa5 f4 22. Bd2 Nc6+ 23. Kd1 Nxa5 24. Bxa5 b6 25. Bd2 Rad8 26. Re1 Re3 27. Bc2
g5 28. Kc1 Rxe1+ 29. Bxe1 Re8 30. Kd2 Rd8+ 31. Bd3 Kg7 32. a4 a5 33. Kc3 h5 34.
Kc4 Kf6 35. Be4 Ke6 36. Bd3 f5 37. Kc3 g4 38. Be2 Kd5 39. Bd2 Rd6 1-0

[Event "13th EICC"]
[Site "Plovdiv BUL"]
[Date "2012.03.23"]
[Round "4.120"]
[White "Nevednichy, Vladislav"]
[Black "Panteleev, Petar"]
[Result "1-0"]
[WhiteTitle "GM"]
[WhiteElo "2562"]
[BlackElo "2347"]
[WhiteFideId "1205730"]
[BlackFideId "2903610"]
[EventDate "2012.03.20"]
[EventType "swiss"]

1. c4 Nf6 2. Nc3 g6 3. e4 d6 4. g3 Bg7 5. Bg2 c5 6. Nge2 Nc6 7. O-O O-O 8. h3
Ne8 9. f4 f5 10. d3 Nc7 11. Rb1 Ne6 12. a3 Ned4 13. Kh2 Be6 14. exf5 gxf5 15. b4
Qd7 16. Nxd4 cxd4 17. Nd5 Bf7 18. b5 Nd8 19. Rb2 e6 20. Nb4 Rc8 21. a4 Qc7 22.
Qf3 Be8 23. Re1 a5 24. bxa6 bxa6 25. Nxa6 Qa5 26. Nb4 Qxa4 27. Bd2 Qd7 28. Ra2
Rb8 29. Rea1 Rc8 30. Qf2 Bf7 31. Ra6 Re8 32. Bc1 d5 33. cxd5 exd5 34. Ra7 Qb5
35. Nxd5 Nc6 36. Nc7 Nxa7 37. Nxb5 Nxb5 38. Ra5 Nc3 39. Bf3 Ne4 40. Qb2 Nc5 41.
Bd2 Be6 42. Ra7 Nb3 43. Bh5 Red8 44. g4 Ra8 45. Rxa8 Rxa8 46. gxf5 Bd5 47. Bf3
Bxf3 48. Qxb3+ Kh8 49. Qe6 Bh5 50. f6 Bf8 51. f7 Bg6 52. f5 Bh5 53. Bf4 Bg7 54.
Kg3 Bf8 55. f6 1-0

[Event "13th EICC"]
[Site "Plovdiv BUL"]
[Date "2012.03.23"]
[Round "4.121"]
[White "Cornette, Matthieu"]
[Black "Agaragimov, Djakhangir"]
[Result "1/2-1/2"]
[WhiteTitle "GM"]
[BlackTitle "FM"]
[WhiteElo "2545"]
[BlackElo "2342"]
[WhiteFideId "620084"]
[BlackFideId "13401718"]
[EventDate "2012.03.20"]
[EventType "swiss"]

1. d4 Nf6 2. c4 g6 3. Nc3 Bg7 4. e4 d6 5. Nf3 O-O 6. h3 e5 7. d5 a5 8. Be3 Na6
9. g4 Kh8 10. Rg1 Ng8 11. Bd3 Qe8 12. Qd2 Nb4 13. Bb1 Bd7 14. a3 Na6 15. Bc2 Nc5
16. O-O-O Na4 17. Nxa4 Bxa4 18. h4 Bxc2 19. Qxc2 f6 20. Rh1 h6 21. g5 fxg5 22.
Nxg5 hxg5 23. hxg5+ Nh6 24. Rh3 Kh7 25. f3 Rc8 26. Kb1 c6 27. dxc6 Rxc6 28. gxh6
Bf6 29. Qb3 Qc8 30. Rg3 a4 31. Qxa4 Bh4 32. Rg4 Rxf3 33. Rxh4 Rxe3 34. Qc2 Qf8
35. Qd2 Rb3 36. Ka2 Rcb6 37. Rb1 Qf7 38. Qc2 Rf3 39. Rh2 Rc6 40. Ka1 Rxc4 41.
Qe2 Ra4 42. Rc1 Rf4 43. Qb5 Raxe4 44. Rhc2 Kxh6 45. Rc7 Re1 46. Rxe1 Qxc7 47.
Qe8 Qf7 48. Rh1+ Kg5 49. Rg1+ Kf6 50. Qd8+ Ke6 51. Qc8+ Kd5 52. Rc1 g5 53. Rc7
Rf1+ 54. Ka2 Qe6 55. Qxb7+ Kd4+ 56. b3 Rf2+ 57. Ka1 Rf1+ 58. Kb2 Qf5 1/2-1/2

[Event "13th EICC"]
[Site "Plovdiv BUL"]
[Date "2012.03.23"]
[Round "4.123"]
[White "Kabanov, Nikolai"]
[Black "Dimitrov, Atanas"]
[Result "1-0"]
[WhiteTitle "GM"]
[BlackTitle "IM"]
[WhiteElo "2502"]
[BlackElo "2318"]
[WhiteFideId "4127820"]
[BlackFideId "2901315"]
[EventDate "2012.03.20"]
[EventType "swiss"]

1. e4 e5 2. Nc3 Nf6 3. Nf3 Bb4 4. Bc4 O-O 5. O-O d6 6. Nd5 Nxd5 7. Bxd5 c6 8.
Bb3 Qf6 9. c3 Ba5 10. d4 h6 11. h3 Re8 12. Qd3 Nd7 13. Nh2 exd4 14. cxd4 Qg6 15.
Bc2 Nf6 16. Qb3 Be6 17. d5 cxd5 18. exd5 Bf5 19. Bxf5 Qxf5 20. Qxb7 Bb6 21. Nf3
Rac8 22. Be3 Rc7 23. Qa6 Rxe3 24. fxe3 Bxe3+ 25. Kh1 Ne4 26. Qa4 Ng3+ 27. Kh2
Nxf1+ 28. Rxf1 Qxd5 29. Qe8+ Kh7 30. Qxe3 Qxa2 31. Qd3+ g6 32. Qxd6 Rb7 33. Ne5 1-0

[Event "13th EICC"]
[Site "Plovdiv BUL"]
[Date "2012.03.23"]
[Round "4.124"]
[White "Cabarkapa, Novak"]
[Black "Baron, Tal"]
[Result "0-1"]
[WhiteTitle "FM"]
[BlackTitle "GM"]
[WhiteElo "2314"]
[BlackElo "2497"]
[WhiteFideId "943746"]
[BlackFideId "2809958"]
[EventDate "2012.03.20"]
[EventType "swiss"]

1. e4 c5 2. Nf3 e6 3. b3 b6 4. Bd3 Bb7 5. O-O Nc6 6. Re1 d6 7. Bb2 Nf6 8. e5
dxe5 9. Nxe5 Bd6 10. Bb5 Bxe5 11. Rxe5 O-O 12. Bxc6 Bxc6 13. d3 Nd5 14. Qf3 Nb4
15. Qe2 Bb7 16. Re3 f6 17. Rh3 Qd5 18. Rg3 e5 19. Nc3 Qd4 20. Nd1 Qd7 21. Ne3
Rae8 22. a3 Nc6 23. Qg4 f5 24. Qc4+ Kh8 25. Qh4 f4 26. Rh3 g5 27. Qg4 Bc8 28.
Qxg5 Qxh3 29. gxh3 Rg8 30. Qxg8+ Rxg8+ 31. Ng4 h5 32. f3 hxg4 33. hxg4 Kg7 34.
h4 Rh8 35. Re1 Kf6 36. h5 Nd4 37. Bxd4 cxd4 38. a4 Bb7 39. Kg2 Rg8 40. Kf2 Rc8
41. Re2 Rc5 42. Kg2 Bc6 43. Kf2 a6 44. Kg2 a5 45. Kf2 Bd5 46. Kg2 Bb7 47. Rf2
Bc6 48. Kf1 Kg5 49. Ke1 Bd5 50. Kd2 Rc8 51. Kd1 Kh4 52. Ke1 Kg3 53. h6 Bxf3 54.
g5 Bh5 55. Rf1 0-1

[Event "13th EICC"]
[Site "Plovdiv BUL"]
[Date "2012.03.23"]
[Round "4.125"]
[White "Malikentzos, Sotirios"]
[Black "Grigorov, Grigor"]
[Result "0-1"]
[WhiteTitle "FM"]
[BlackTitle "GM"]
[WhiteElo "2307"]
[BlackElo "2489"]
[WhiteFideId "4215079"]
[BlackFideId "2907313"]
[EventDate "2012.03.20"]
[EventType "swiss"]

1. d4 Nf6 2. c4 e6 3. g3 c5 4. d5 exd5 5. cxd5 d6 6. Nc3 g6 7. Nf3 Bg7 8. Bg2
O-O 9. O-O a6 10. a4 Nbd7 11. Nd2 Re8 12. h3 Rb8 13. Nc4 Ne5 14. Na3 Nh5 15. e4
Bd7 16. a5 b5 17. axb6 Bb5 18. Naxb5 axb5 19. Nxb5 Qxb6 20. Na3 Qb3 21. Qxb3
Rxb3 22. Rd1 Nf6 23. Bd2 Nfd7 24. Bc3 Nb6 25. Rac1 Ned7 26. Bxg7 Kxg7 27. Rd2
Ra8 28. Bf1 Ne5 29. Kg2 Ra4 30. f4 Nf3 31. Rd3 Nd4 32. Rxb3 Nxb3 33. Re1 Nd4 34.
Nb5 Nxb5 35. Bxb5 Rb4 36. Bc6 Rxb2+ 37. Kf3 Rb3+ 38. Re3 c4 39. Kf2 c3 40. Re1
c2 41. Rc1 Rc3 42. e5 dxe5 43. fxe5 Nc4 44. Ba4 Nxe5 45. Rxc2 Rf3+ 46. Kg2 Rd3
47. Bc6 Kf6 48. Ra2 h5 49. Bb7 Ke7 50. Re2 Kd6 51. Rf2 Rd4 52. Bc6 f5 53. Bb7
Rb4 54. Ba8 Ra4 55. Bb7 h4 56. gxh4 Nd3 57. Rd2 Ra3 58. Kf1 Nf4 59. Rh2 Nxh3 60.
Bc6 Nf4 61. h5 Nxh5 62. Be8 Ra1+ 63. Kf2 Ra2+ 64. Kg1 Rxh2 65. Kxh2 Nf4 66. Kg3
g5 67. Kf3 Kxd5 68. Ba4 Ke5 69. Bc2 0-1

[Event "13th EICC"]
[Site "Plovdiv BUL"]
[Date "2012.03.23"]
[Round "4.126"]
[White "Perunovic, Miodrag"]
[Black "Ali Marandi, Cemil Can"]
[Result "1/2-1/2"]
[WhiteTitle "IM"]
[BlackTitle "FM"]
[WhiteElo "2481"]
[BlackElo "2315"]
[WhiteFideId "919993"]
[BlackFideId "6300529"]
[EventDate "2012.03.20"]
[EventType "swiss"]

1. d4 d5 2. c4 c6 3. Nf3 Nf6 4. e3 e6 5. b3 Nbd7 6. Bb2 Bd6 7. Bd3 O-O 8. O-O b6
9. Nbd2 Bb7 10. Ne5 c5 11. cxd5 exd5 12. f4 cxd4 13. exd4 Ne4 14. Nxe4 dxe4 15.
Bc4 Nf6 16. Qe2 Rc8 17. Rac1 Rc7 18. Rc3 b5 19. Bxb5 Rxc3 20. Bxc3 Nd5 21. Bb2
f6 22. Bc6 fxe5 23. Bxb7 Nxf4 24. Qxe4 exd4 25. g3 Re8 26. Qf5 Rf8 27. Qg4 h5
28. Qd1 Qe7 29. Bf3 Qe3+ 30. Kh1 Ne6 31. Bd5 Rxf1+ 32. Qxf1 Kh8 33. Qd1 Qe5 34.
Bxe6 Qxe6 35. Qxh5+ Kg8 36. Qf3 Bc5 37. Kg2 Bb6 38. h4 Kh8 39. h5 Kg8 40. Ba3
Qe1 41. Kh3 Qe6+ 42. Kg2 Qe1 43. Qd5+ Kh8 44. Kh3 Qf1+ 45. Qg2 Qf5+ 46. g4 Qd3+
47. Kh4 Bd8+ 48. g5 Qe3 49. Qg3 1/2-1/2

[Event "13th EICC"]
[Site "Plovdiv BUL"]
[Date "2012.03.23"]
[Round "4.127"]
[White "Nikolova, Adriana"]
[Black "Rombaldoni, Axel"]
[Result "0-1"]
[WhiteTitle "WGM"]
[BlackTitle "IM"]
[WhiteElo "2293"]
[BlackElo "2464"]
[WhiteFideId "2908689"]
[BlackFideId "815837"]
[EventDate "2012.03.20"]
[EventType "swiss"]

1. e4 e6 2. d4 d5 3. Nd2 Nf6 4. e5 Nfd7 5. f4 c5 6. c3 Nc6 7. Ndf3 Qb6 8. a3 Be7
9. h4 f5 10. h5 cxd4 11. cxd4 O-O 12. b4 a6 13. Kf2 Qc7 14. Bd3 b5 15. Ne2 Nb6
16. Rg1 a5 17. bxa5 Nc4 18. g4 Rxa5 19. gxf5 exf5 20. Nc3 Be6 21. Bxc4 bxc4 22.
Be3 Rb8 23. Ng5 Rb2+ 24. Kf3 Bd7 25. Qe1 Be8 26. h6 Bh5+ 27. Kg3 Qc8 28. Qc1 Rb3
29. Kh4 Bg6 30. Nxd5 Rxd5 31. Qxc4 Rb5 32. Rac1 gxh6 33. a4 hxg5+ 34. fxg5 Ra5
35. Qxc6 Qxc6 36. Rxc6 f4 37. Bf2 Rxa4 38. Rgc1 Bf5 39. Rc7 Bd8 40. R7c4 Ra2 41.
Bg1 Rg2 0-1

[Event "13th EICC"]
[Site "Plovdiv BUL"]
[Date "2012.03.23"]
[Round "4.128"]
[White "Hunt, Adam C"]
[Black "Schneider, Veronika"]
[Result "1/2-1/2"]
[WhiteTitle "IM"]
[BlackTitle "WGM"]
[WhiteElo "2454"]
[BlackElo "2312"]
[WhiteFideId "403970"]
[BlackFideId "721530"]
[EventDate "2012.03.20"]
[EventType "swiss"]

1. e4 c5 2. Nf3 e6 3. d4 cxd4 4. Nxd4 a6 5. Be2 Nf6 6. Nc3 Bb4 7. O-O d6 8. Qd3
O-O 9. Bg5 Nbd7 10. Nb3 Qc7 11. Rad1 Bxc3 12. bxc3 d5 13. exd5 Nxd5 14. c4 Nf4
15. Qe3 Nxe2+ 16. Qxe2 b6 17. Qg4 Ne5 18. Qg3 f6 19. Rfe1 Bb7 20. Bf4 Rad8 21.
Nd4 Qxc4 22. Bxe5 fxe5 23. Qxe5 Bd5 24. a3 Rf6 25. Rd3 Rdf8 26. Rg3 g6 27. Re2
Rf4 28. c3 R4f6 29. h4 Qc5 30. a4 Bc4 31. Ree3 Qxe5 32. Rxe5 Rxf2 33. Nxe6 Rf1+
34. Kh2 Re8 35. Rge3 Rxe6 36. Rxe6 Bxe6 37. Rxe6 Rf4 38. Kg3 Rxa4 39. Rxb6 Rc4
40. Rxa6 Rxc3+ 1/2-1/2

[Event "13th EICC"]
[Site "Plovdiv BUL"]
[Date "2012.03.23"]
[Round "4.130"]
[White "Bukal, Vladimir Jr."]
[Black "Lederman, Leon"]
[Result "1-0"]
[WhiteTitle "IM"]
[BlackTitle "IM"]
[WhiteElo "2441"]
[BlackElo "2296"]
[WhiteFideId "14502941"]
[BlackFideId "2800403"]
[EventDate "2012.03.20"]
[EventType "swiss"]

1. d4 d5 2. Nc3 Nf6 3. Bg5 Bf5 4. Bxf6 exf6 5. e3 c6 6. Bd3 Qd7 7. Nge2 Bd6 8.
e4 dxe4 9. Nxe4 Be7 10. c3 O-O 11. Qc2 g6 12. h4 Bxe4 13. Bxe4 f5 14. Bd3 c5 15.
h5 Nc6 16. hxg6 fxg6 17. Nf4 Rf6 18. O-O-O cxd4 19. Bc4+ Kh8 20. Qd3 Rd6 21.
Rxh7+ Kxh7 22. Qh3+ Kg7 23. Rh1 Bh4 24. Qxh4 Ne5 25. Qh6+ Kf6 26. Qh4+ Kg7 27.
Qh6+ Kf6 28. Re1 dxc3 29. bxc3 Re8 30. Nh5+ Ke7 31. Qg5+ Kf8 32. Qh6+ Ke7 33.
Ng7 Kf6 34. Nh5+ Ke7 35. Ng7 Kf6 36. Nxe8+ Qxe8 37. Rxe5 Qc6 38. f4 1-0